Villes mondiales finissant par D - Statistiques

Statistiques générales
  • Ce quiz a été pris 135 fois
    70 depuis la dernière actualisation
  • Le résultat moyen est 10 sur 20
Statistiques - réponses
Question Ville % Correct
En Irak, cette ville se situe sur les rives du Tigre Bagdad
98%
L'une des deux plus grandes universités du Royaume-Uni Oxford
95%
Médine, La Mecque, Djedda, quelle ville il manque pour obtenir la capitale Riyad
90%
Cette ville du Pakistan jouxte la grande ville de Rawalpindi Islamabad
85%
Grande ville au nord de la Nouvelle Zélande Auckland
80%
Le nom complet du Borussia Dortmund
73%
Exclave russe située entre la Pologne et la Lituanie Kaliningrad
71%
En Belgique, elle compte la Cathédrale Saint-Bavon et le Château des comtes Gand
59%
Ville du Massachussetts rappelant la plus grande place de Paris Concord
54%
Sous-préfecture du Doubs connue pour sa saucisse Montbéliard
54%
Cette ville d'Illinois pourrait se traduit par "Terrain de Printemps" Springfield
49%
Plus grande ville de l'Orégon Portland
41%
Dans cette ville, se situe le Capitole de l'état de Virginie conçu par Thomas Jefferson Richmond
37%
Christophe Colomb est mort dans cette ville espagnol en 1506 Valladolid
34%
Aux USA, dans l'Ohio sur le lac Érie Cleveland
24%
Ville du pays du dessus, qui existe aussi chez son voisin avec la même écriture Hyderabad
22%
Au Kiribati, cette ville contient un point cardinal Tarawa-Sud
22%
Ville Russe, capitale de son oblast éponyme proche de l'Ukraine Belgorod
17%
Ville d'Algérie en deux mots qui peut se définir par cours d'eau en Afrique du Nord El Oued
17%
Capitale de l'Aruba Oranjestad
17%
Aucun quiz correspondant
Distribution des résultats
% des personnes avec chaque résultat
Percentile par nombre de réponses
Votre historique - résultats
Vous n’avez pas pris ce quiz depuis la dernière actualisation